Statistics for Croatia - Portugal UEFA Euro 2016 - Round Of 16

Click here to take the quiz!

General Stats

  • This quiz has been taken 61 times
  • The average score is 19 of 30

Answer Stats

Answer % Correct
Luka Modrić
98%
Cristiano Ronaldo
96%
Danijel Subašić
89%
Mario Mandžukić
89%
Domagoj Vida
87%
Ivan Rakitić
87%
Ivan Perišić
87%
Rui Patricio
80%
Pepe
80%
Darijo Srna
76%
Nani
72%
Vedran Ćorluka
70%
Ricardo Quaresma ¹
69%
Ivan Strinić
63%
Adrien Silva
61%
Renato Sanches
59%
Andrej Kramarić
57%
William Carvalho
57%
Marcelo Brozović
57%
Ante Čačić
50%
Milan Badelj
50%
Nikola Kalinić
50%
Marko Pjaca
50%
Cédric Soares
48%
José Fonte
46%
Fernando Santos
44%
João Mário
43%
André Gomes
33%
Raphaël Guerreiro
33%
Danilo Pereira
22%

Score Distribution

Percentile by Number Answered

Percent of People with Each Score

Your Score History

You have not taken this quiz